000 00344cam a22001097a 4500
008 180718b1988 xxu||||| |||| 00| 0 eng d
082 _aA75 Ut8MI
245 _aUttar Pradesh district gazetteers: Mirzapur
_cedited by Parmanand Mishra
260 _aLucknow
_bDepartment of District Gazetteers
_c1988
300 _a328p.
700 _aMishra, Parmanand
999 _c487047
_d487047